Anwendung von Kohlenstoffindikationselektroden bei potentiometrischen Neutralisationstitrationen. IV. : Kohlenstoffelektroden im Medium von Essigsäureanhydrid und wasserfreiem Acetonitril

Podrobná bibliografia
Hlavní autori: Berčík, Juraj, 1927-1994 (Autor), Čakrt, Miroslav, 1939-2019 (Autor), Hladký, Zdeněk, 1932- (Autor)
Médium: Článok
Jazyk:nemčina

MARC

LEADER 00000nab a2200000uu 4500
001 vtls010874992
003 SK-MaSNL
005 20260303202215.0
008 230303|1970 xo |||||||||||||||||ger|
015 |a SNBRB 
035 |a (urnnbn)urn:nbn:sk:snk:ar-005y5j 
035 |a (uuid)865ff70c-fc18-436d-a382-e096899633c0 
035 |a urn:nbn:sk:snk-ab7oxr 
040 |a SNKBUCL  |b slo  |c SNKBUCL  |e AACR2 
041 0 |a ger 
044 |a xo  |c SK 
100 1 |a Berčík, Juraj,  |d 1927-1994  |4 aut  |9 220625 
245 1 0 |a Anwendung von Kohlenstoffindikationselektroden bei potentiometrischen Neutralisationstitrationen. IV. :  |b Kohlenstoffelektroden im Medium von Essigsäureanhydrid und wasserfreiem Acetonitril  |c J. Berčík, M. Čakrt, Z. Hladký 
700 1 |a Čakrt, Miroslav,  |d 1939-2019  |4 aut  |9 39102 
700 1 |a Hladký, Zdeněk,  |d 1932-  |4 aut  |9 44243 
773 0 |t Chemické zvesti  |g Roč. 24, č. 4 (1970), s. 290-297 
954 |a odborná, vedecká literatúra cudzojazyčná (svetová)  |2 lita 
954 |a odborná, vedecká literatúra pôvodná (slovenská)  |2 lita 
958 |a OND 
958 |a EUIPO 
958 |a article8 
999 |c 2178201  |d 2180131